| 000 | 00514nam a22001817a 4500 | ||
|---|---|---|---|
| 020 | _a9788119443567 | ||
| 082 |
_aM300 7 _bJOB/M |
||
| 245 |
_aMalayala novel: _bnagarabhavanayute oru noottandu/ _cby Jobin Chamakkala (ed.) and Sreejith G (ed.) |
||
| 250 | _a2 | ||
| 260 |
_aKottayam: _bPapyrus Books, _c2023. |
||
| 300 | _a197p. | ||
| 650 | _aNovel Malayalam Study | ||
| 650 | _aLiterature Malayalam | ||
| 650 | _aLiterature | ||
| 700 | _aJobin Chamakkala (ed.) | ||
| 700 | _aSreejith G (ed.) | ||
| 942 | _cBK | ||
| 999 |
_c181863 _d181863 |
||